00729nam a2200181 a 450000500170000000800410001702000150005805000240007310000200009724500730011725000160019026000470020630000080025344000190026152002230028065000130050365000310051620140414132131.0130604s19uu xx 00 eng d a0328675431 aTR 372.4bF716 2011 aForesman, Scott aEnvision it! Visual skills handbook : Reading Street Grade 1 Unit 4. aStudent ed. aUnited States :bPearson Education,c2011. a246 aReading Street aAuthor's purpose, Cause and effect, Classify and categorize, Compare and contrast, Draw conclusions, Fact and opinion, Generalize, Main idea and details, Graphic sources, Literary elements, Sequence, Steps in a process aReading- aReading-study and teaching